• 首页
  • 本馆介绍
  • 公告通知
  • 最新文献
  • 馆藏检索
  • 电子资源
  • 读者导购
  • 参考咨询
  • 我的图书馆
  • 登录
  • 详细信息显示
  • 放入我的书架
  • 预约/预借图书
  • 作者相关作品
  • 分类相关作品
  • 丛书相关作品
  • 出版社相关作品

书目信息

  • 表格格式
  • 工作单格式
  • 卡片格式
题名:
比一千个太阳还亮
    
 
作者: 容克 , Jungk 著 ;何纬 译
分册:  
出版信息: 北京   原子能出版社  1966
页数: 232页
开本: 20cm
丛书名:
单 册:
中图分类: TJ91-091
科图分类:
主题词: 科学家-核技术--生平事迹--世界 , 原子弹--研制--美国--史料 , 核技术-科学家--生平事迹--世界
电子资源:
ISBN:
000 00941nam0 2200301 45
001 0180004142
005 20060810091025.98
010    @dCNY0.85
091    @a15175.211
100    @a19960215e19801966em y0chiy0121 ea
101 1  @achi@crus
102    @aCN@b110000
105    @ay z 000yy
200 10 @a比一千个太阳还亮@Abi yi qian ge tai yang hai liang@e原子科学家的故事@f(德)容克(R.Jungk)著@g何纬译
210    @a北京@c原子能出版社@d1966@h1980重印
215    @a232页@d20cm
300    @a据1960年俄文版译
510 1  @aЯрче тысячи солнц@zrus
517 1  @a原子科学家的故事@Ayuan zi ke xue jia de gu shi
606    @a科学家-核技术@x生平事迹@y世界
606    @a原子弹@x研制@y美国@x史料
606    @a核技术-科学家@x生平事迹@y世界
690    @aTJ91-091@v3
701  1 @a容克@Arong ke@bR.@4著
701 A1 @aJungk@bR.@4著
702  0 @a何纬@Ahe wei@4译
801  0 @aCN@bTSSF@c20060810
905    @a10447@dTJ91-091@e6
    
    比一千个太阳还亮:原子科学家的故事/(德)容克(R.Jungk)著/何纬译.-北京:原子能出版社,1966(1980重印)
    232页;20cm
    据1960年俄文版译
    
    ISBN :CNY0.85
    
●
相关链接 在E读中查询图书 在五车中查询图书 在当当中查询图书 在豆瓣中查询图书


正题名:比一千个太阳还亮     索取号:TJ91-091/6         预约/预借

序号 登录号 条形码 馆藏地/架位号 状态 备注
1 0452090   204520900   密集书库/ [索取号:TJ91-091/6] 在馆    
2 0452091   204520919   密集书库/ [索取号:TJ91-091/6] 在馆    
唐山师范学院图书馆 欢迎您!
大连网信软件有限公司© 版权所有